000 00523nam a2200193Ia 4500
999 _c1815
_d1815
003 OSt
005 20201109110509.0
008 190216s9999||||xx |||||||||||||| ||und||
020 _a9780878933846
040 _coclc
082 _a571.8
_bGIL/D
100 _aGilbert, Scott F
_96337
245 0 _aDevelopmental Biology /
_cScott F Gilbert
250 _a9th Ed.
260 _bSinauer Associates,
_c2010.
_aUSA:
300 _a791p
650 _aBotany
942 _cBK
_2ddc
_h571.8
_iGIL/D
_k571.8
_mGIL/D